Warhammer fantasy Nom des villes des l'Empire - Statistiques

Statistiques générales
  • Ce quiz a été pris 49 fois
  • Le résultat moyen est 12 sur 47
Statistiques - réponses
Hint Réponse % Correct
Wissenland Nuln
90%
Reikland Altdorf
85%
Marienburg
59%
Middenland Middenheim
56%
Talabecland Talabheim
54%
Averland Averheim
51%
Carroburg
44%
Le Moot
44%
Ubersreik
41%
Wissenburg
37%
Hochland Hergig
32%
Mordheim
32%
Stirland Wurtbad
32%
Ostermark Bechafen
29%
Grunburg
29%
Pfeildorf
29%
Nordland Salzenmund
29%
Eilhart
27%
Essen
24%
Osland Wolfenburg
24%
Château Drakenhof
22%
Norden
20%
Château Templehof
17%
Fort d'Airain
17%
Waldenhof
17%
Aarnau
15%
Eschen
15%
Fort Oberstyre
15%
La Fosse noire
15%
Middenstag
15%
Château von Rauken
12%
Dietershafen
12%
Gorssel
12%
Grenzstadt
12%
Krugenheim
12%
Niedling
12%
Pointe du Destructeur
12%
Weismund
12%
Flensbourg
10%
Steingart
10%
Bois du Gryphon
7%
Dotternbach
7%
Kappelburg
7%
Swartzhafen
7%
Nagenhof
5%
Krudenwald
2%
Kaperbad
0%
Aucun quiz correspondant
Distribution des résultats
% des personnes avec chaque résultat
Percentile par nombre de réponses
Votre historique - résultats
Vous n’avez pas pris ce quiz